| 000 | 00486nam a2200181Ia 4500 | ||
|---|---|---|---|
| 003 | GCL | ||
| 008 | 140319s9999 xx 000 0 eng d | ||
| 040 |
_aGCL / _cGCL |
||
| 082 | 0 | 4 |
_a296.43 _bT S |
| 100 | 1 | _aTRIGANO, SHURNEL | |
| 245 | 1 | 0 |
_aLA SOCIETE JUIVE A TRAVERS L'HISTOIRE: LE PEUP LE-MONDE / _cTRIGANO, SHURNEL |
| 260 |
_a[S.N] : _bFAYARD ، _c1993 |
||
| 300 | _a791 P | ||
| 650 | 0 | 4 | _aHISTORY |
| 650 | 0 | 4 | _aJEWISH - RELIGION |
| 650 | 0 | 4 | _aJEWISH - SOCIETY |
| 942 |
_2ddc _cBK |
||
| 999 |
_c23556 _d23556 |
||